[Event "RSA-ch U12"]
[Site "Gauteng"]
[Date "2017.04.07"]
[Round "4"]
[White "Smit, Albert"]
[Black "Kula, Vuyani"]
[Result "0-1"]
[WhiteElo "904"]
[BlackElo "1236"]
[PlyCount "45"]
[EventDate "2017.04.05"]
[EventType "swiss"]
[EventRounds "11"]
[EventCountry "RSA"]
[SourceTitle "CBM 177 Extra"]
[Source "ChessBase"]
[SourceDate "2017.04.27"]
[SourceVersion "1"]
[SourceVersionDate "2017.04.27"]
[SourceQuality "1"]

1. e4 e5 2. Nf3 Nf6 3. Nxe5 Nxe4 4. Nf3 Nf6 5. d4 d5 6. Nc3 Bb4 7. a3 Bxc3+ 8. bxc3 Nc6 9. c4 0-0 10. Be3 Re8 11. Be2 Bg4 12. cxd5 Nxd5 13. Qd2 Bxf3 14. gxf3 Nxe3 15. fxe3 Qe7 16. e4 Rad8 17. d5 Qe5 18. Rb1 Nd4 19. Qd3 Rxd5 20. Rxb7 Rc5 21. Qd2 Rxc2 22. Qd1 Rxe2+ 23. Kf1 0-1